Perspectives on argumentation : (Record no. 10084)
[ view plain ]
| 000 -LEADER | |
|---|---|
| fixed length control field | 01361nam a2200313 a 4500 |
| 001 - CONTROL NUMBER | |
| control field | 1536722 |
| 003 - CONTROL NUMBER IDENTIFIER | |
| control field | OSt |
| 005 - DATE AND TIME OF LATEST TRANSACTION | |
| control field | 20231005155726.0 |
| 008 - FIXED-LENGTH DATA ELEMENTS--GENERAL INFORMATION | |
| fixed length control field | 901219s1990 ilu b 010 0 eng |
| 010 ## - LIBRARY OF CONGRESS CONTROL NUMBER | |
| LC control number | 90229254 |
| 020 ## - INTERNATIONAL STANDARD BOOK NUMBER | |
| International Standard Book Number | 0881335150 |
| 040 ## - CATALOGING SOURCE | |
| Original cataloging agency | WIUC - GH |
| Transcribing agency | WIUC - GH |
| 050 00 - LIBRARY OF CONGRESS CALL NUMBER | |
| Classification number | PN4181 |
| Item number | .P434 1990 |
| 082 00 - DEWEY DECIMAL CLASSIFICATION NUMBER | |
| Classification number | 808.53 |
| Edition number | 20 |
| 100 ## - MAIN ENTRY--PERSONAL NAME | |
| Personal name | Trapp, Robert. |
| 9 (RLIN) | 2037 |
| 245 00 - TITLE STATEMENT | |
| Title | Perspectives on argumentation : |
| Remainder of title | essays in honor of Wayne Brockriede. / |
| Statement of responsibility, etc. | edited by Robert Trapp, Janice Schuetz. |
| 260 ## - PUBLICATION, DISTRIBUTION, ETC. | |
| Place of publication, distribution, etc. | Prospect Heights, Ill. : |
| Name of publisher, distributor, etc. | Waveland Press, |
| Date of publication, distribution, etc. | c1990. |
| 300 ## - PHYSICAL DESCRIPTION | |
| Extent | ix, 338 p. ; |
| Dimensions | 23 cm. |
| Other physical details | ills., biblio, ; |
| 504 ## - BIBLIOGRAPHY, ETC. NOTE | |
| Bibliography, etc. note | Includes bibliographical references (p. 315-338). |
| 505 ## - FORMATTED CONTENTS NOTE | |
| Formatted contents note | Contents: PART I: Argumentation perspective community -- Part II: Arguing in the personal community -- Part III: Arguing in the social community - Part IV: Arguing in philosophical and technical communities -- Part V: Arguing in non-traditional places -- Part VI: The future of argumentation. |
| 650 #0 - SUBJECT ADDED ENTRY--TOPICAL TERM | |
| Topical term or geographic name entry element | Debates and debating. |
| 9 (RLIN) | 1328 |
| 650 #0 - SUBJECT ADDED ENTRY--TOPICAL TERM | |
| Topical term or geographic name entry element | Reasoning. |
| 9 (RLIN) | 1119 |
| 700 1# - ADDED ENTRY--PERSONAL NAME | |
| Personal name | Brockriede, Wayne. |
| 9 (RLIN) | 2487 |
| 700 1# - ADDED ENTRY--PERSONAL NAME | |
| Personal name | Trapp Robert |
| 9 (RLIN) | 2037 |
| 700 1# - ADDED ENTRY--PERSONAL NAME | |
| Personal name | Schuetz, Janice E. |
| 9 (RLIN) | 2488 |
| 906 ## - LOCAL DATA ELEMENT F, LDF (RLIN) | |
| a | 7 |
| b | cbc |
| c | orignew |
| d | 2 |
| e | ncip |
| f | 19 |
| g | y-gencatlg |
| 942 ## - ADDED ENTRY ELEMENTS (KOHA) | |
| Source of classification or shelving scheme | Library of Congress Classification |
| Koha item type | Books |
| Withdrawn status | Lost status | Source of classification or shelving scheme | Damaged status | Not for loan | Home library | Current library | Shelving location | Date acquired | Total Checkouts | Full call number | Barcode | Date last seen | Price effective from | Koha item type |
|---|---|---|---|---|---|---|---|---|---|---|---|---|---|---|
| Library of Congress Classification | WISCONSIN INTERNATIONAL UNIVERSITY COLLEGE, GHANA KUMASI LIBRARY | WISCONSIN INTERNATIONAL UNIVERSITY COLLEGE, GHANA KUMASI LIBRARY | General Stacks | PN4181.P43 | K/3040/0141/23 | 05/10/2023 | 05/10/2023 | Books |
